000 00713nam a22002057a 4500
010 _aENG-112143
020 _a9780198060987
_c4950.00
020 _a019806098x
_c4950.00
035 _aEN-95675
037 _bDBAD/PUB
082 _a709.01130954
100 _aNeumayer, Erwin
245 _aPrehistoric rock art of India /
_cby Erwin Neumayer
260 _aNew Delhi
_bOxford University Press
_c2013
270 _aYMCA Library Building, 1, Jai Singh Road,
_bNew Delhi
_e110001
300 _axv,299p. :
_c23cm(Hb)
_bill.(chiefly col.)
500 _a Includes bibliographical references (pages 60-66) and index.
650 _a Rock paintings
_z India.
942 _2ddc
_cEN
_mNEU
_h709.01130954
999 _c91337
_d91337